| 000 | 00886cam a2200133 4500500 | ||
|---|---|---|---|
| 005 | 20251214002554.0 | ||
| 041 | _afre | ||
| 042 | _adc | ||
| 100 | 1 | 0 |
_aAdam, Jean-Michel _eauthor |
| 245 | 0 | 0 | _aLa linguistique textuelle : Introduction à l’analyse textuelle des discours |
| 260 |
_bArmand Colin,
_c2020. |
||
| 520 | _aPrésentant méthodiquement les différents niveaux de structuration et d’analyse des textes, cet ouvrage souhaite mettre en place, sous le nom d’analyse textuelle des discours, une autre distribution entre sciences du langage et stylistique littéraire (étude de texte de La Bruyère à Borges) et entre sciences du langage et sciences de l’information et de la communication (textes publicitaires, journalistiques et politiques). | ||
| 856 | 4 | 1 | _uhttps://shs.cairn.info/la-linguistique-textuelle--9782200626501?lang=fr&redirect-ssocas=7080 |
| 999 |
_c1567140 _d1567140 |
||